UBT Library

Nurse Math Meds (Record no. 58324)

000 -LEADER
fixed length control field 00319nam a22001457a 4500
008 - FIXED-LENGTH DATA ELEMENTS--GENERAL INFORMATION
fixed length control field 221003b ||||| |||| 00| 0 eng d
020 ## - INTERNATIONAL STANDARD BOOK NUMBER
International Standard Book Number 9780323187114
041 ## - LANGUAGE CODE
Language code of text/sound track or separate title eng
080 ## - UNIVERSAL DECIMAL CLASSIFICATION NUMBER
Edition identifier Third
Universal Decimal Classification number 610.73
082 ## - DEWEY DECIMAL CLASSIFICATION NUMBER
Classification number INF
100 ## - Rafti
Rafti 6.1
101 ## - Shkurtesa
Shkurtesa INF
245 ## - TITLE STATEMENT
Title Nurse Math Meds
Statement of responsibility, etc MULHOLLAND J
942 ## - ADDED ENTRY ELEMENTS (KOHA)
Source of classification or shelving scheme
Item type Books
Holdings
Withdrawn status Lost status Source of classification or shelving scheme Damaged status Not for loan Collection code Permanent location Current location Date acquired Total Checkouts Full call number Barcode Date last seen Price effective from Koha item type
          Koleksioni i përgjithshem UBT - Lipjan UBT - Lipjan 10/03/2022   610.73 MUL 002-800028611 10/03/2022 10/03/2022 Books
UBT Library © 2015-2024. All rights reserved University Education for Business and Technology